Folk tales from many lands; (Record no. 91978)
[ view plain ]
| 000 -LEADER | |
|---|---|
| fixed length control field | 00841cam a22002411 4500 |
| 001 - CONTROL NUMBER | |
| control field | w 10000326 |
| 003 - CONTROL NUMBER IDENTIFIER | |
| control field | DLC |
| 005 - DATE AND TIME OF LATEST TRANSACTION | |
| control field | 20260227112807.0 |
| 008 - FIXED-LENGTH DATA ELEMENTS--GENERAL INFORMATION | |
| fixed length control field | 790430s1910 xx 000 0 eng c |
| 010 ## - LIBRARY OF CONGRESS CONTROL NUMBER | |
| LC control number | w 10000326 |
| 035 ## - SYSTEM CONTROL NUMBER | |
| System control number | (OCoLC)4912103 |
| 040 ## - CATALOGING SOURCE | |
| Original cataloging agency | Washington, D.C. Public Library |
| Transcribing agency | OCl |
| Modifying agency | DLC |
| 042 ## - AUTHENTICATION CODE | |
| Authentication code | premarc |
| 050 00 - LIBRARY OF CONGRESS CALL NUMBER | |
| Classification number | PZ8.G24 |
| Item number | Fo |
| 100 1# - MAIN ENTRY--PERSONAL NAME | |
| Personal name | Gask, Lilian, |
| Dates associated with a name | 1865- |
| 245 10 - TITLE STATEMENT | |
| Title | Folk tales from many lands; |
| Statement of responsibility, etc. | retold by Lilian Gask. Illustrations by Willy Pogany. |
| 260 ## - PUBLICATION, DISTRIBUTION, ETC. | |
| Place of publication, distribution, etc. | New York, |
| Name of publisher, distributor, etc. | T.Y. Crowell & company |
| Date of publication, distribution, etc. | [1910] |
| 300 ## - PHYSICAL DESCRIPTION | |
| Extent | viii, 286, [1] p. incl. illus., plates. |
| Other physical details | 8 col. pl. (incl. front.) |
| Dimensions | 22 cm. |
| 500 ## - GENERAL NOTE | |
| General note | Head and tail pieces, initials, and marginal illustrations. |
| 500 ## - GENERAL NOTE | |
| General note | Ornamental title and half-title in blue and black. |
| 500 ## - GENERAL NOTE | |
| General note | Ornamental end-papers. |
| 650 #0 - SUBJECT ADDED ENTRY--TOPICAL TERM | |
| Topical term or geographic name entry element | Folklore. |
No items available.